Carregando...

Yaathra /

Detalhes bibliográficos
Autor principal: Sreedharan, Perumbadavam
Formato: Printed Book
Idioma:Malayalam
Publicado em: Konni : Venus Press & Book Depot , 1982.
Assuntos:
LEADER 00438nam a2200145Ia 4500
008 150624b xxu||||| |||| 00| f mal d
999 |c 78534  |d 78534 
100 |a Sreedharan, Perumbadavam 
245 |c Perumbadavam Sreedharan  |a Yaathra / 
260 |a Konni :  |b Venus Press & Book Depot ,  |c 1982. 
300 |a 164 p. 
546 |a In Malayalam. 
650 |v Novel 
942 |c BK 
952 |0 1  |1 0  |4 0  |7 0  |9 78478  |a UL  |b UL  |c ST1  |d 1998-09-15  |l 0  |p 49531  |r 2012-10-27  |y BK